| 000 | 00483nam a2200169 i 4500 | ||
|---|---|---|---|
| 001 | 38617 | ||
| 003 | ES-MaACL | ||
| 005 | 20230906155804.0 | ||
| 007 | t| | ||
| 008 | 030226s1922 sp ||||1| spa d | ||
| 100 | 1 |
_aCalicó, José. _933669 |
|
| 245 | 1 | 0 |
_aSemiología de la sífilis del aparato respiratorio / _cJosé Calicó. |
| 260 |
_aBarcelona : _bCervantes, _c1922 ( _fDalmau Yuste) |
||
| 300 |
_a182 p. ; _c20 cm. |
||
| 650 | 0 | 4 |
_aSífilis. _917092 |
| 852 |
_aES-MaACL _jB-11779 |
||
| 999 |
_c38617 _d38617 |
||